| 000 | 01258nam a22001937a 4500 | ||
|---|---|---|---|
| 005 | 20251001162230.0 | ||
| 010 | _aB-776443-456 20BACCHHN25 | ||
| 020 |
_c350.00 _a9789395851350 |
||
| 035 | _aB-776443-456 | ||
| 037 | _bअमर साहित्य सदन | ||
| 082 | _a921 | ||
| 100 |
_aवार्ष्णेय, ध्रुव _985350 |
||
| 245 |
_aसम्राट चन्द्रगुप्त मौर्य / _cध्रुव वार्ष्णेय |
||
| 260 |
_aदिल्ली _bअमर साहित्य सदन _c2024 |
||
| 270 |
_bदिल्ली _a1/5, द्वितीय तल , दक्ष रोड ,विश्वास नगर , शाहदरा _e110032 |
||
| 300 |
_a112 पृ.; _c22सेमी (सजिल्द) |
||
| 942 |
_2ddc _cCH _h921 _mवार्ष्णेय |
||
| 999 |
_c209619 _d209619 |
||